[Event "Deutsche Ländermeisterschaft 2014"]
[Site "Hannover GER"]
[Date "2014.10.03"]
[Round "1"]
[White "Koop, Thorben"]
[Black "Hampel, Felix"]
[Result "1-0"]
[Termination "normal"]
[Board "1.1"]
[WhiteElo "2402"]
[BlackElo "2160"]
[WhiteClock "00:18:49"]
[BlackClock "00:11:26"]
[WhiteTeam "Niedersachsen 1"]
[BlackTeam "Niedersachsen 2"]
[PlyCount "99"]
[WhiteFideId "24661619"]
[BlackFideId "24668125"]
[EventCountry "GER"]
[EventRounds "7"]
[EventType "team-swiss"]
[EventDate "2014.10.02"]

1. d4 {[%clk 1:30:44]} g6 {[%clk 1:30:43]} 2. e4 {[%clk 1:29:01]} Bg7 {[%clk
1:31:04]} 3. Nf3 {[%clk 1:28:57]} d6 {[%clk 1:31:12]} 4. Bc4 {[%clk 1:28:51]}
e6 {[%clk 1:31:24]} 5. Qe2 {[%clk 1:19:33]} Ne7 {[%clk 1:30:09]} 6. c3 {[%clk
1:18:49]} O-O {[%clk 1:29:22]} 7. Be3 {[%clk 1:13:26]} Nd7 {[%clk 1:22:49]} 8.
Nbd2 {[%clk 1:12:52]} a6 {[%clk 1:15:45]} 9. O-O {[%clk 1:10:57]} b5 {[%clk
1:11:37]} 10. Bd3 {[%clk 1:11:10]} c5 {[%clk 1:09:35]} 11. a4 {[%clk 1:05:00]}
c4 {[%clk 0:58:07]} 12. Bc2 {[%clk 1:04:13]} Bb7 {[%clk 0:57:28]} 13. b3 {[%clk
0:57:21]} d5 {[%clk 0:56:02]} 14. bxc4 {[%clk 0:49:31]} bxc4 {[%clk 0:55:07]}
15. Bg5 {[%clk 0:49:29]} Re8 {[%clk 0:52:23]} 16. exd5 {[%clk 0:43:59]} exd5
{[%clk 0:52:02]} 17. Rfe1 {[%clk 0:43:09]} Nf6 {[%clk 0:47:18]} 18. Ne5 {[%clk
0:39:47]} Nc6 {[%clk 0:41:54]} 19. Qf3 {[%clk 0:37:18]} Qd6 {[%clk 0:38:15]}
20. Rab1 {[%clk 0:32:55]} Na5 {[%clk 0:17:20]} 21. Rb4 {[%clk 0:30:03]} Qe6
{[%clk 0:13:24]} 22. Re3 {[%clk 0:27:01]} Qd6 {[%clk 0:11:34]} 23. g4 {[%clk
0:22:01]} Rf8 {[%clk 0:07:13]} 24. Bf4 {[%clk 0:14:58]} Qd8 {[%clk 0:07:09]}
25. Bg5 {[%clk 0:11:50]} Qd6 {[%clk 0:07:05]} 26. Qf4 {[%clk 0:10:57]} Ne8
{[%clk 0:04:15]} 27. Be7 {[%clk 0:09:02]} Qxe7 {[%clk 0:03:57]} 28. Nexc4
{[%clk 0:09:04]} Qh4 {[%clk 0:02:37]} 29. Nxa5 {[%clk 0:08:47]} Bc8 {[%clk
0:01:36]} 30. Qg3 {[%clk 0:05:44]} Qxg4 {[%clk 0:01:52]} 31. Qxg4 {[%clk
0:05:03]} Bxg4 {[%clk 0:02:20]} 32. Nf1 {[%clk 0:04:47]} Nf6 {[%clk 0:01:30]}
33. Nc6 {[%clk 0:04:39]} Rfe8 {[%clk 0:01:02]} 34. Bb3 {[%clk 0:03:25]} Be6
{[%clk 0:00:53]} 35. a5 {[%clk 0:02:06]} Bf8 {[%clk 0:00:47]} 36. Rb6 {[%clk
0:02:04]} Nd7 {[%clk 0:00:44]} 37. Rb7 {[%clk 0:02:13]} Rec8 {[%clk 0:00:55]}
38. Ba4 {[%clk 0:01:47]} Bd6 {[%clk 0:00:47]} 39. Rxe6 {[%clk 0:01:29]} fxe6
{[%clk 0:00:38]} 40. Rxd7 {[%clk 0:01:53]} Ba3 {[%clk 0:00:43]} 41. Ne3 {[%clk
0:01:17]} Rf8 {[%clk 0:29:05]} 42. c4 {[%clk 0:31:41]} dxc4 {[%clk 0:25:09]}
43. Nxc4 {[%clk 0:32:04]} Rf3 {[%clk 0:23:54]} 44. Ne7+ {[%clk 0:21:42]} Bxe7
{[%clk 0:19:13]} 45. Bc6 {[%clk 0:21:44]} Rc3 {[%clk 0:13:41]} 46. Bxa8 {[%clk
0:21:59]} Kf8 {[%clk 0:13:14]} 47. Ne5 {[%clk 0:20:14]} Ke8 {[%clk 0:12:13]}
48. Bc6 {[%clk 0:18:01]} Rxc6 {[%clk 0:11:01]} 49. Rxe7+ {[%clk 0:18:23]} Kxe7
{[%clk 0:11:26]} 50. Nxc6+ {[%clk 0:18:49]} 1-0

[Event "Deutsche Ländermeisterschaft 2014"]
[Site "Hannover GER"]
[Date "2014.10.03"]
[Round "1"]
[White "Kyas, Philipp"]
[Black "Schreiner, Till"]
[Result "0-1"]
[Termination "normal"]
[Board "1.2"]
[BlackTitle "FM"]
[WhiteElo "2094"]
[BlackElo "2298"]
[WhiteClock "00:15:00"]
[BlackClock "01:12:47"]
[WhiteTeam "Niedersachsen 2"]
[BlackTeam "Niedersachsen 1"]
[PlyCount "46"]
[WhiteFideId "24670936"]
[BlackFideId "24675555"]
[EventCountry "GER"]
[EventRounds "7"]
[EventType "team-swiss"]
[EventDate "2014.10.02"]

1. d4 {[%clk 1:30:28]} d5 {[%clk 1:30:55]} 2. c4 {[%clk 1:30:33]} c6 {[%clk
1:31:20]} 3. Nf3 {[%clk 1:30:08]} Nf6 {[%clk 1:31:43]} 4. e3 {[%clk 1:29:41]}
e6 {[%clk 1:31:50]} 5. Nc3 {[%clk 1:29:05]} Nbd7 {[%clk 1:32:10]} 6. Bd3 {[%clk
1:27:02]} dxc4 {[%clk 1:32:20]} 7. Bxc4 {[%clk 1:27:30]} b5 {[%clk 1:32:42]} 8.
Bd3 {[%clk 1:27:32]} Bd6 {[%clk 1:30:36]} 9. O-O {[%clk 1:25:33]} O-O {[%clk
1:30:58]} 10. Qc2 {[%clk 1:17:39]} Bb7 {[%clk 1:29:56]} 11. e4 {[%clk 1:10:55]}
e5 {[%clk 1:29:58]} 12. Ne2 {[%clk 1:04:43]} c5 {[%clk 1:24:54]} 13. dxe5
{[%clk 0:52:29]} Nxe5 {[%clk 1:25:20]} 14. Nxe5 {[%clk 0:48:37]} Bxe5 {[%clk
1:25:46]} 15. Bxb5 {[%clk 0:46:59]} Bxe4 {[%clk 1:20:06]} 16. Qxc5 {[%clk
0:45:41]} Qb8 {[%clk 1:18:08]} 17. f4 {[%clk 0:29:44]} Bd6 {[%clk 1:15:20]} 18.
Qc4 {[%clk 0:28:42]} Rc8 {[%clk 1:14:07]} 19. Qa4 {[%clk 0:25:50]} Bc5+ {[%clk
1:14:08]} 20. Kh1 {[%clk 0:23:34]} Qb7 {[%clk 1:14:17]} 21. Rg1 {[%clk
0:22:26]} Bxg1 {[%clk 1:12:17]} 22. Ba6 {[%clk 0:19:15]} Qb6 {[%clk 1:12:22]}
23. Bxc8 {[%clk 0:15:00]} Bxg2+ {[%clk 1:12:47]} 0-1

[Event "Deutsche Ländermeisterschaft 2014"]
[Site "Hannover GER"]
[Date "2014.10.03"]
[Round "1"]
[White "Düssler, Stefanie"]
[Black "Diederichs, Luise"]
[Result "1/2-1/2"]
[Termination "normal"]
[Board "1.3"]
[WhiteElo "2063"]
[BlackElo "1992"]
[WhiteClock "00:40:47"]
[BlackClock "00:18:06"]
[WhiteTeam "Niedersachsen 1"]
[BlackTeam "Niedersachsen 2"]
[PlyCount "73"]
[WhiteFideId "4634780"]
[BlackFideId "24661597"]
[EventCountry "GER"]
[EventRounds "7"]
[EventType "team-swiss"]
[EventDate "2014.10.02"]

1. e4 {[%clk 1:30:57]} c5 {[%clk 1:30:29]} 2. Nf3 {[%clk 1:31:21]} d6 {[%clk
1:30:54]} 3. d4 {[%clk 1:31:48]} cxd4 {[%clk 1:31:18]} 4. Nxd4 {[%clk 1:32:16]}
Nf6 {[%clk 1:31:38]} 5. Nc3 {[%clk 1:32:43]} a6 {[%clk 1:32:05]} 6. Bg5 {[%clk
1:32:41]} e6 {[%clk 1:32:20]} 7. f4 {[%clk 1:31:52]} Be7 {[%clk 1:32:30]} 8.
Qf3 {[%clk 1:30:43]} Qc7 {[%clk 1:32:13]} 9. O-O-O {[%clk 1:29:14]} Nbd7 {[%clk
1:32:09]} 10. Nb3 {[%clk 1:23:52]} h6 {[%clk 1:30:35]} 11. Qh3 {[%clk 1:20:22]}
Rg8 {[%clk 1:23:06]} 12. Bh4 {[%clk 1:17:37]} g5 {[%clk 1:19:13]} 13. Bg3
{[%clk 1:15:40]} gxf4 {[%clk 1:11:53]} 14. Bxf4 {[%clk 1:15:57]} Ng4 {[%clk
1:11:52]} 15. Qg3 {[%clk 1:12:53]} Nde5 {[%clk 1:09:37]} 16. Be2 {[%clk
1:09:51]} Bd7 {[%clk 1:05:39]} 17. h3 {[%clk 1:08:48]} Nf6 {[%clk 1:04:42]} 18.
Qf2 {[%clk 1:08:45]} Rg6 {[%clk 1:01:26]} 19. Rhf1 {[%clk 1:06:30]} O-O-O
{[%clk 1:00:21]} 20. Be3 {[%clk 1:04:56]} Rdg8 {[%clk 0:55:20]} 21. Bb6 {[%clk
1:02:41]} Qb8 {[%clk 0:54:20]} 22. g4 {[%clk 1:00:59]} Bc6 {[%clk 0:51:48]} 23.
Qd4 {[%clk 0:59:06]} Be8 {[%clk 0:44:21]} 24. Na4 {[%clk 0:50:47]} Nc6 {[%clk
0:40:00]} 25. Qd3 {[%clk 0:46:36]} Nd7 {[%clk 0:37:21]} 26. Bg1 {[%clk
0:45:57]} b5 {[%clk 0:34:27]} 27. Nc3 {[%clk 0:46:21]} Nde5 {[%clk 0:34:07]}
28. Qg3 {[%clk 0:45:32]} h5 {[%clk 0:31:12]} 29. a4 {[%clk 0:43:54]} hxg4
{[%clk 0:29:23]} 30. axb5 axb5 {[%clk 0:28:41]} 31. Nxb5 {[%clk 0:41:41]} gxh3
{[%clk 0:27:40]} 32. Qxh3 {[%clk 0:41:22]} Rg3 {[%clk 0:26:27]} 33. Qh7 {[%clk
0:41:24]} R8g7 {[%clk 0:25:11]} 34. Qh8 {[%clk 0:41:47]} Rg8 {[%clk 0:25:21]}
35. Qh7 {[%clk 0:40:22]} R8g7 {[%clk 0:18:06]} 36. Qh8 {[%clk 0:40:47]} Rg8 37.
Qh7 1/2-1/2

[Event "Deutsche Ländermeisterschaft 2014"]
[Site "Hannover GER"]
[Date "2014.10.03"]
[Round "1"]
[White "Phunhon Lopez, Daniel Alejandro"]
[Black "Sieber, Fiona"]
[Result "1/2-1/2"]
[Termination "normal"]
[Board "1.4"]
[WhiteElo "1807"]
[BlackElo "1942"]
[WhiteClock "00:11:29"]
[BlackClock "00:10:27"]
[WhiteTeam "Niedersachsen 2"]
[BlackTeam "Niedersachsen 1"]
[PlyCount "67"]
[WhiteFideId "12952567"]
[BlackFideId "12902373"]
[EventCountry "GER"]
[EventRounds "7"]
[EventType "team-swiss"]
[EventDate "2014.10.02"]

1. e4 {[%clk 1:30:59]} c5 {[%clk 1:30:55]} 2. Nc3 {[%clk 1:31:25]} Nc6 {[%clk
1:31:14]} 3. Bb5 {[%clk 1:31:54]} Nd4 {[%clk 1:30:29]} 4. a4 {[%clk 1:30:55]}
g6 {[%clk 1:23:46]} 5. f4 {[%clk 1:25:04]} Bg7 {[%clk 1:20:14]} 6. Nf3 {[%clk
1:24:59]} a6 {[%clk 1:19:04]} 7. Bc4 {[%clk 1:23:40]} d6 {[%clk 1:14:27]} 8.
O-O {[%clk 1:21:59]} e6 {[%clk 1:13:46]} 9. Nxd4 {[%clk 1:14:40]} cxd4 {[%clk
1:12:23]} 10. Ne2 {[%clk 1:14:18]} Ne7 {[%clk 1:11:40]} 11. d3 {[%clk 1:13:03]}
d5 {[%clk 1:05:52]} 12. Bb3 {[%clk 1:09:33]} dxe4 {[%clk 1:04:32]} 13. dxe4
{[%clk 1:09:49]} O-O {[%clk 1:02:07]} 14. Qd3 {[%clk 1:02:36]} Nc6 {[%clk
0:58:34]} 15. Bd2 {[%clk 0:58:01]} Qc7 {[%clk 0:36:15]} 16. Ng3 {[%clk
0:52:34]} b6 {[%clk 0:31:21]} 17. e5 {[%clk 0:42:00]} Bb7 {[%clk 0:30:04]} 18.
Ne4 {[%clk 0:41:49]} Qe7 {[%clk 0:30:21]} 19. c3 {[%clk 0:36:21]} Na5 {[%clk
0:25:43]} 20. Bc2 {[%clk 0:33:33]} Bxe4 {[%clk 0:25:37]} 21. Qxe4 {[%clk
0:33:06]} dxc3 {[%clk 0:21:18]} 22. Bxc3 {[%clk 0:32:27]} Rac8 {[%clk 0:20:08]}
23. Bb4 {[%clk 0:27:10]} Qa7 {[%clk 0:17:35]} 24. Bxf8 {[%clk 0:25:55]} Bxf8
{[%clk 0:18:04]} 25. Kh1 {[%clk 0:22:46]} Nc4 {[%clk 0:17:23]} 26. Qe2 {[%clk
0:21:30]} Bb4 {[%clk 0:16:09]} 27. Bd3 Nd2 {[%clk 0:15:13]} 28. Rfc1 {[%clk
0:19:17]} Rd8 {[%clk 0:14:07]} 29. Bxa6 {[%clk 0:15:36]} Nb3 {[%clk 0:14:09]}
30. Rd1 {[%clk 0:15:36]} Ra8 {[%clk 0:14:12]} 31. Bb5 {[%clk 0:12:36]} Nxa1
{[%clk 0:14:33]} 32. Rxa1 {[%clk 0:13:05]} Qc7 {[%clk 0:13:03]} 33. Rd1 {[%clk
0:11:48]} Rc8 {[%clk 0:10:27]} 34. h3 {[%clk 0:11:29]} 1/2-1/2

[Event "Deutsche Ländermeisterschaft 2014"]
[Site "Hannover GER"]
[Date "2014.10.03"]
[Round "1"]
[White "von Estorff, Jacob"]
[Black "Bruns, Kai-Christian"]
[Result "0-1"]
[Termination "normal"]
[Board "1.6"]
[WhiteElo "1697"]
[BlackElo "1878"]
[WhiteClock "00:44:26"]
[BlackClock "00:53:02"]
[WhiteTeam "Niedersachsen 2"]
[BlackTeam "Niedersachsen 1"]
[PlyCount "62"]
[WhiteFideId "12974501"]
[BlackFideId "12938025"]
[EventCountry "GER"]
[EventRounds "7"]
[EventType "team-swiss"]
[EventDate "2014.10.02"]

1. e4 {[%clk 1:30:56]} c5 {[%clk 1:30:56]} 2. Nf3 {[%clk 1:31:15]} Nc6 {[%clk
1:31:22]} 3. d4 {[%clk 1:31:34]} cxd4 {[%clk 1:31:47]} 4. Nxd4 {[%clk 1:31:53]}
Nf6 {[%clk 1:32:14]} 5. Nc3 {[%clk 1:31:57]} e6 {[%clk 1:32:41]} 6. Be3 {[%clk
1:25:55]} Bb4 {[%clk 1:32:45]} 7. Nxc6 {[%clk 1:25:13]} bxc6 {[%clk 1:33:04]}
8. Qd4 {[%clk 1:21:00]} Bxc3+ {[%clk 1:26:04]} 9. Qxc3 {[%clk 1:20:07]} Nxe4
{[%clk 1:20:32]} 10. Qxg7 {[%clk 1:20:01]} Qf6 {[%clk 1:19:25]} 11. Qxf6 {[%clk
1:20:05]} Nxf6 {[%clk 1:19:48]} 12. Bd4 {[%clk 1:19:51]} Ke7 {[%clk 1:20:08]}
13. Bd3 {[%clk 1:19:29]} Rg8 {[%clk 1:19:48]} 14. g3 {[%clk 1:18:55]} h6 {[%clk
1:19:19]} 15. O-O-O {[%clk 1:17:50]} d6 {[%clk 1:16:20]} 16. Rde1 {[%clk
1:16:45]} c5 {[%clk 1:15:13]} 17. Bxf6+ {[%clk 1:14:23]} Kxf6 {[%clk 1:15:30]}
18. Be4 {[%clk 1:13:24]} Rb8 {[%clk 1:15:02]} 19. f4 {[%clk 1:11:27]} Bb7
{[%clk 1:13:46]} 20. Rhf1 {[%clk 1:11:10]} Bxe4 {[%clk 1:13:09]} 21. Rxe4
{[%clk 1:11:27]} Rb6 {[%clk 1:13:11]} 22. b3 {[%clk 1:08:23]} d5 {[%clk
1:11:31]} 23. Re2 {[%clk 1:04:42]} Rgb8 {[%clk 1:09:42]} 24. Rf3 {[%clk
0:59:01]} a5 {[%clk 1:04:50]} 25. Rc3 {[%clk 0:52:13]} Rc6 {[%clk 1:04:49]} 26.
g4 {[%clk 0:47:59]} Rb4 {[%clk 1:02:40]} 27. Rf2 {[%clk 0:47:28]} Re4 {[%clk
0:59:56]} 28. Kd2 {[%clk 0:46:27]} Ke7 {[%clk 0:56:39]} 29. Rh3 {[%clk
0:44:13]} e5 {[%clk 0:52:46]} 30. fxe5 {[%clk 0:44:22]} Rxg4 {[%clk 0:52:42]}
31. Rxh6 {[%clk 0:44:26]} Rxh6 {[%clk 0:53:02]} 0-1

[Event "Deutsche Ländermeisterschaft 2014"]
[Site "Hannover GER"]
[Date "2014.10.03"]
[Round "1"]
[White "Reichelt, Lena"]
[Black "Mönster, Madita"]
[Result "0-1"]
[Termination "normal"]
[Board "1.8"]
[WhiteElo "1274"]
[BlackElo "1599"]
[WhiteClock "01:06:34"]
[BlackClock "00:50:25"]
[WhiteTeam "Niedersachsen 2"]
[BlackTeam "Niedersachsen 1"]
[PlyCount "26"]
[WhiteFideId "12981184"]
[BlackFideId "12947156"]
[EventCountry "GER"]
[EventRounds "7"]
[EventType "team-swiss"]
[EventDate "2014.10.02"]

1. d4 {[%clk 1:30:57]} Nf6 {[%clk 1:30:50]} 2. e3 {[%clk 1:28:36]} e6 {[%clk
1:30:26]} 3. Nf3 {[%clk 1:26:54]} c5 {[%clk 1:26:32]} 4. c4 {[%clk 1:23:32]}
Be7 {[%clk 1:20:08]} 5. Nc3 {[%clk 1:22:30]} O-O {[%clk 1:17:51]} 6. Be2 {[%clk
1:21:28]} d5 {[%clk 1:15:27]} 7. b3 {[%clk 1:20:24]} cxd4 {[%clk 1:06:18]} 8.
exd4 {[%clk 1:18:44]} Bb4 {[%clk 1:05:02]} 9. Bb2 {[%clk 1:15:40]} Ne4 {[%clk
1:03:49]} 10. Qc2 {[%clk 1:15:16]} Qa5 {[%clk 1:02:58]} 11. Rc1 {[%clk
1:15:04]} Qxa2 {[%clk 0:54:42]} 12. O-O {[%clk 1:12:25]} Bxc3 {[%clk 0:50:49]}
13. Ra1 {[%clk 1:06:34]} Qxb2 {[%clk 0:50:25]} 0-1

[Event "Deutsche Ländermeisterschaft 2014"]
[Site "Hannover GER"]
[Date "2014.10.03"]
[Round "1"]
[White "Ruff, Maximilian"]
[Black "Noe, Christopher"]
[Result "0-1"]
[Termination "normal"]
[Board "2.1"]
[BlackTitle "FM"]
[WhiteElo "2188"]
[BlackElo "2330"]
[WhiteClock "00:05:50"]
[BlackClock "00:46:45"]
[WhiteTeam "Baden 2"]
[BlackTeam "Baden 1"]
[PlyCount "68"]
[WhiteFideId "1271670"]
[BlackFideId "24692018"]
[EventCountry "GER"]
[EventRounds "7"]
[EventType "team-swiss"]
[EventDate "2014.10.02"]

1. Nf3 {[%clk 1:30:43]} Nf6 {[%clk 1:30:42]} 2. g3 {[%clk 1:30:43]} c5 {[%clk
1:30:25]} 3. Bg2 {[%clk 1:30:21]} Nc6 {[%clk 1:30:41]} 4. O-O {[%clk 1:28:11]}
e5 {[%clk 1:26:48]} 5. d3 {[%clk 1:28:05]} d5 {[%clk 1:26:45]} 6. e4 {[%clk
1:26:30]} d4 {[%clk 1:24:39]} 7. a4 {[%clk 1:26:04]} Be7 {[%clk 1:23:18]} 8.
Na3 {[%clk 1:24:50]} Be6 {[%clk 1:23:13]} 9. Ng5 {[%clk 1:21:24]} Bg4 {[%clk
1:23:13]} 10. f3 {[%clk 1:19:46]} Bh5 {[%clk 1:23:26]} 11. Qe1 {[%clk 1:10:59]}
O-O {[%clk 1:18:53]} 12. f4 {[%clk 1:03:40]} Nd7 {[%clk 1:14:55]} 13. Nf3
{[%clk 0:59:59]} f6 {[%clk 1:03:21]} 14. h3 {[%clk 0:49:49]} Bf7 {[%clk
1:03:13]} 15. f5 {[%clk 0:45:09]} a6 {[%clk 1:03:00]} 16. g4 {[%clk 0:44:42]}
b5 {[%clk 1:03:13]} 17. h4 {[%clk 0:31:37]} c4 {[%clk 0:59:23]} 18. Qg3 {[%clk
0:26:39]} cxd3 {[%clk 0:58:07]} 19. cxd3 {[%clk 0:25:59]} Nc5 {[%clk 0:56:53]}
20. Rd1 {[%clk 0:19:40]} Bb3 {[%clk 0:53:24]} 21. Rd2 {[%clk 0:18:38]} Bxa4
{[%clk 0:53:25]} 22. Bh3 {[%clk 0:11:45]} Nb3 {[%clk 0:51:51]} 23. Rg2 {[%clk
0:11:53]} Nb4 {[%clk 0:49:24]} 24. g5 {[%clk 0:11:22]} Nxc1 {[%clk 0:49:47]}
25. Rxc1 {[%clk 0:09:24]} Nxd3 {[%clk 0:50:11]} 26. g6 {[%clk 0:08:12]} h6
{[%clk 0:50:22]} 27. Ng5 {[%clk 0:05:59]} Nxc1 {[%clk 0:47:40]} 28. Nf7 {[%clk
0:06:08]} Qc7 {[%clk 0:46:38]} 29. Nxh6+ {[%clk 0:06:04]} gxh6 {[%clk 0:47:04]}
30. g7 {[%clk 0:06:30]} Rf7 {[%clk 0:47:20]} 31. Qg6 {[%clk 0:06:24]} Bxa3
{[%clk 0:47:07]} 32. bxa3 {[%clk 0:05:20]} Ne2+ {[%clk 0:46:39]} 33. Kh2 {[%clk
0:05:25]} Nf4 {[%clk 0:46:36]} 34. Qxh6 {[%clk 0:05:50]} Rxg7 {[%clk 0:46:45]}
0-1

[Event "Deutsche Ländermeisterschaft 2014"]
[Site "Hannover GER"]
[Date "2014.10.03"]
[Round "1"]
[White "Mons, Leon"]
[Black "Rahnfeld, Jens"]
[Result "1-0"]
[Termination "normal"]
[Board "2.2"]
[WhiteTitle "IM"]
[WhiteElo "2416"]
[BlackElo "2089"]
[WhiteClock "00:07:21"]
[BlackClock "00:02:44"]
[WhiteTeam "Baden 1"]
[BlackTeam "Baden 2"]
[PlyCount "79"]
[WhiteFideId "4614950"]
[BlackFideId "12939617"]
[EventCountry "GER"]
[EventRounds "7"]
[EventType "team-swiss"]
[EventDate "2014.10.02"]

1. Nf3 {[%clk 1:30:44]} Nf6 {[%clk 1:30:46]} 2. c4 {[%clk 1:30:44]} e6 {[%clk
1:29:34]} 3. g3 {[%clk 1:30:31]} d5 {[%clk 1:29:36]} 4. Bg2 {[%clk 1:30:17]}
dxc4 {[%clk 1:28:36]} 5. Qa4+ {[%clk 1:29:11]} c6 {[%clk 1:25:48]} 6. Qxc4
{[%clk 1:25:31]} b5 {[%clk 1:23:08]} 7. Qb3 {[%clk 1:21:20]} Bb7 {[%clk
1:20:48]} 8. O-O {[%clk 1:11:45]} Be7 {[%clk 1:03:50]} 9. d4 {[%clk 1:06:10]}
O-O {[%clk 0:59:03]} 10. Nc3 {[%clk 1:05:07]} a6 {[%clk 0:52:32]} 11. Rd1
{[%clk 1:00:11]} Qb6 {[%clk 0:49:46]} 12. Ne5 {[%clk 0:47:16]} Nbd7 {[%clk
0:34:45]} 13. Bg5 {[%clk 0:46:59]} Rfd8 {[%clk 0:25:22]} 14. Rac1 {[%clk
0:44:53]} Nxe5 {[%clk 0:12:26]} 15. dxe5 {[%clk 0:43:20]} Ng4 {[%clk 0:12:04]}
16. Bxe7 {[%clk 0:42:35]} Nxf2 {[%clk 0:12:26]} 17. Rxd8+ {[%clk 0:38:34]} Rxd8
{[%clk 0:12:50]} 18. h3 {[%clk 0:27:50]} Nd3+ {[%clk 0:03:14]} 19. Kh2 {[%clk
0:28:06]} Nxc1 {[%clk 0:03:38]} 20. Qc2 {[%clk 0:16:08]} Rd7 {[%clk 0:03:39]}
21. Bg5 {[%clk 0:15:56]} c5 {[%clk 0:02:38]} 22. Bxc1 {[%clk 0:15:24]} Bxg2
{[%clk 0:03:04]} 23. Kxg2 {[%clk 0:15:52]} Rd4 {[%clk 0:02:20]} 24. Be3 {[%clk
0:15:10]} Qc6+ {[%clk 0:02:50]} 25. Kf2 {[%clk 0:14:34]} Rd8 {[%clk 0:03:19]}
26. Qe4 {[%clk 0:14:32]} Qc7 {[%clk 0:03:21]} 27. Qf4 {[%clk 0:13:22]} Rc8
{[%clk 0:01:42]} 28. Ne4 {[%clk 0:12:53]} Qe7 {[%clk 0:02:09]} 29. Nd6 {[%clk
0:12:01]} Rc7 {[%clk 0:02:38]} 30. Qe4 {[%clk 0:11:25]} Qf8 {[%clk 0:03:07]}
31. Bf4 {[%clk 0:11:20]} Qb8 {[%clk 0:03:10]} 32. h4 {[%clk 0:11:22]} a5 {[%clk
0:02:37]} 33. a4 {[%clk 0:11:03]} bxa4 {[%clk 0:02:24]} 34. Qxa4 {[%clk
0:10:47]} Qa8 {[%clk 0:02:46]} 35. Bd2 {[%clk 0:09:16]} Ra7 {[%clk 0:02:19]}
36. Qb5 {[%clk 0:09:29]} a4 {[%clk 0:02:07]} 37. Qxc5 {[%clk 0:07:37]} a3
{[%clk 0:02:31]} 38. bxa3 {[%clk 0:08:00]} Rxa3 {[%clk 0:02:59]} 39. Be3 {[%clk
0:07:21]} Ra5 {[%clk 0:02:44]} 40. Qc7 1-0

[Event "Deutsche Ländermeisterschaft 2014"]
[Site "Hannover GER"]
[Date "2014.10.03"]
[Round "1"]
[White "Boes, Julian"]
[Black "Grunau, Christoph"]
[Result "1/2-1/2"]
[Termination "normal"]
[Board "2.3"]
[WhiteElo "1845"]
[BlackElo "2126"]
[WhiteClock "00:29:50"]
[BlackClock "00:01:49"]
[WhiteTeam "Baden 2"]
[BlackTeam "Baden 1"]
[PlyCount "81"]
[WhiteFideId "12907723"]
[BlackFideId "12929760"]
[EventCountry "GER"]
[EventRounds "7"]
[EventType "team-swiss"]
[EventDate "2014.10.02"]

1. d4 {[%clk 1:30:59]} Nf6 {[%clk 1:30:43]} 2. Nf3 {[%clk 1:31:15]} e6 {[%clk
1:30:25]} 3. Bf4 {[%clk 1:30:43]} b6 {[%clk 1:29:11]} 4. Nbd2 {[%clk 1:29:00]}
Bb7 {[%clk 1:23:22]} 5. e3 {[%clk 1:26:59]} Be7 {[%clk 1:21:24]} 6. Bd3 {[%clk
1:25:43]} Nh5 {[%clk 1:15:13]} 7. Bg3 {[%clk 1:22:25]} d6 {[%clk 1:11:41]} 8.
c3 {[%clk 1:14:01]} Nd7 {[%clk 1:08:08]} 9. Qc2 {[%clk 1:11:54]} g6 {[%clk
1:01:29]} 10. b4 {[%clk 0:56:22]} O-O {[%clk 0:52:53]} 11. O-O {[%clk 0:50:02]}
Re8 {[%clk 0:46:37]} 12. a4 {[%clk 0:44:55]} f5 {[%clk 0:35:23]} 13. Bc4 {[%clk
0:40:18]} Bf6 {[%clk 0:32:00]} 14. Qa2 {[%clk 0:38:31]} Qe7 {[%clk 0:30:47]}
15. Ne1 {[%clk 0:32:05]} Kh8 {[%clk 0:29:08]} 16. Be2 {[%clk 0:29:03]} Nxg3
{[%clk 0:28:35]} 17. hxg3 {[%clk 0:29:32]} e5 {[%clk 0:27:51]} 18. Bf3 {[%clk
0:26:32]} e4 {[%clk 0:24:15]} 19. Be2 {[%clk 0:26:51]} a5 {[%clk 0:22:35]} 20.
b5 {[%clk 0:26:29]} h5 {[%clk 0:19:08]} 21. Nc2 {[%clk 0:24:09]} Bg5 {[%clk
0:17:05]} 22. Rfc1 {[%clk 0:22:24]} Bh6 {[%clk 0:15:46]} 23. Kf1 {[%clk
0:21:17]} h4 {[%clk 0:13:56]} 24. gxh4 {[%clk 0:18:22]} Qxh4 25. Ke1 {[%clk
0:17:47]} f4 {[%clk 0:13:21]} 26. Nf1 {[%clk 0:15:45]} Re7 {[%clk 0:10:33]} 27.
Qc4 {[%clk 0:09:59]} fxe3 {[%clk 0:09:53]} 28. Ncxe3 {[%clk 0:09:53]} Nf6
{[%clk 0:07:08]} 29. g3 {[%clk 0:09:41]} Qg5 {[%clk 0:07:30]} 30. Bd1 {[%clk
0:09:18]} Rf8 {[%clk 0:07:14]} 31. Rc2 {[%clk 0:08:34]} Bc8 {[%clk 0:06:47]}
32. Rb1 {[%clk 0:06:23]} Ng4 {[%clk 0:05:29]} 33. Bxg4 {[%clk 0:04:16]} Bxg4
{[%clk 0:05:49]} 34. Rbb2 {[%clk 0:03:28]} Bh3 {[%clk 0:05:34]} 35. Qe2 {[%clk
0:03:01]} Ref7 {[%clk 0:05:06]} 36. Qd1 Bxf1 {[%clk 0:04:08]} 37. Nxf1 {[%clk
0:02:15]} e3 {[%clk 0:02:16]} 38. f4 {[%clk 0:01:39]} Qd5 39. Re2 {[%clk
0:00:47]} g5 {[%clk 0:01:49]} 40. Nxe3 {[%clk 0:00:43]} Qh1+ 41. Kd2 {[%clk
0:29:50]} 1/2-1/2